3 indices pour un nom propre (4) - Statistiques

Statistiques générales
  • Ce quiz a été pris 132 fois
  • Le résultat moyen est 11 sur 25
Statistiques - réponses
Indice 1 Indice 2 Indice 3 Réponse % Correct
Tours New York 2001 World Trade Center
79%
Californie Colline Cinéma Hollywood
78%
Mont Jeux Grèce Olympe
77%
Pélée Grec Talon Achille
75%
Chancel Brel Martin Jacques
75%
Cabaret Animateur France 2 Patrick Sébastien
72%
Yesterday Port Beatles Liverpool
71%
1890 Londres Appel Charles de Gaulle
50%
Bouchons Olympique Traboules Lyon
46%
Louis Losange Espace Renault
46%
Mer Blanc Marteau Requin
45%
Bateliers Russie Fleuve Volga
43%
Vienne Johann Danse Strauss
42%
Caste Cluzet 2011 Intouchables
40%
Swahili Dodoma Afrique Tanzanie
39%
Volcans Centre Bleu Auvergne
38%
Canard Avare Rouge Picsou
35%
Bois Lapin Disney Panpan
34%
Frida Curé Belge Annie Cordy
27%
Dieu Marque Cheval Hermès
27%
Ferrari Hawaï Higgins Magnum
26%
Port Japon Fat man Nagasaki
26%
Kaolin Vienne Porcelaine Limoges
21%
Epiphanie Roi Série Balthazar
13%
Cercle Wiltshire Bronze Stonehenge
4%
Aucun quiz correspondant
Distribution des résultats
% des personnes avec chaque résultat
Percentile par nombre de réponses
Votre historique - résultats
Vous n’avez pas pris ce quiz